| 000 | 00912nas a2200289 4500 | ||
|---|---|---|---|
| 001 | BR2012007401 | ||
| 003 | BR-BrBNA | ||
| 005 | 20231205121342.0 | ||
| 007 | ta | ||
| 008 | 230509b bl.|||p| |||| 00| 00por d | ||
| 040 |
_aBR-BrBNA _bpor _cBiblioteca Nacional de Agricultura |
||
| 041 | _a(Pt) | ||
| 072 | _ak10; P01 | ||
| 100 | 1 | _aGoetz, M.N.B. | |
| 100 | 1 | _aFraga, L.L. | |
| 100 | 1 | _aSchmitt, J.L. | |
| 245 | 1 | _aFlorística e aspectos ecológicos de samambaias e licófitas em um parque urbano do Rio Grande do Sul, Brasil | |
| 650 | _aBRASIL | ||
| 650 | _aINVENTÁRIO FLORESTAL | ||
| 650 | _aSAMBAMBAIA | ||
| 650 | _aPARQUE | ||
| 650 | _aRESERVA FLORESTAL | ||
| 650 | _aZONA URBANA | ||
| 773 | 0 |
_tPesquisas. Botânica - Instituto Anchietano de Pessquisas (Brazil) _xISSN 0373-840x _g(2012), v. 63 p. 165-176 _wBR2012007401 |
|
| 909 |
_a202311 _bLúcia _c55 _dLúcia Elande |
||
| 942 |
_2AGRIS _n0 _cANA |
||
| 999 |
_c223105 _d223105 |
||